Applied public health (Record no. 174286)
[ view plain ]
| 000 -LEADER | |
|---|---|
| fixed length control field | 01657nam a2200373 a 4500 |
| 082 04 - DEWEY DECIMAL CLASSIFICATION NUMBER | |
| Classification number | 362.1963/9 |
| 245 00 - TITLE STATEMENT | |
| Title | Applied public health |
| 260 ## - PUBLICATION, DISTRIBUTION, ETC. (IMPRINT) | |
| Place of publication | Hauppauge, N.Y. : |
| Name of publisher | Nova Science Publishers, |
| Year of publication | 2012. |
| 300 ## - PHYSICAL DESCRIPTION | |
| Number of Pages | xiii, 251 p. |
| 490 1# - SERIES STATEMENT | |
| Series statement | Health and human development |
| 505 0# - FORMATTED CONTENTS NOTE | |
| Formatted contents note | section I. Violence and behavioral problems -- section II. Qualitative studies -- section III. Child maltreatment -- section IV. Acknowledgments -- section V. Index. |
| 650 #0 - SUBJECT ADDED ENTRY--TOPICAL TERM | |
| Topical Term | Malnutrition |
| Topical Term | Public health. |
| Topical Term | Globalization |
| 700 1# - ADDED ENTRY--PERSONAL NAME | |
| Personal name | Lutzker, John R., |
| Personal name | Merrick, Joav, |
| 856 40 - ELECTRONIC LOCATION AND ACCESS | |
| Uniform Resource Identifier | http://site.ebrary.com/lib/rucke/Doc?id=10681220 |
No items available.
